| 000 | 01760nam a22002177a 4500 | ||
|---|---|---|---|
| 999 |
_c59846 _d59846 |
||
| 003 | Ge_BSU | ||
| 005 | 20230427162211.0 | ||
| 008 | 230427s2009ge xxu||||| |||| 00| 0 geo d | ||
| 020 | _a9789994098064, | ||
| 041 | _ageo | ||
| 080 | _a069.02:93/94(479.22) ს-32 | ||
| 245 |
_aსაქართველოს ეროვნული მუზეუმის საგანძურიდან = Treasures of the Georgian National Museum : _b[კატალოგი] საქართველოს ეროვნული მუზეუმი / _cრედ.ზაზა სხირტლაძე ; ქართული ტექსტი: ნინო ჯაყელი [და სხვ.] ინგლისური თარგმანი ივანე მენთეშაშვილი ; ინგლისური ტექსტის რედ: მანას ჰარისონი [და სხვ.] ; ფოტორეპროდუქციები: გურამ ბუმბიაშვილი, მირიან კილაძე. |
||
| 264 |
_aთბილისი : _b(შპს "სეზანი"), _c2009. |
||
| 300 |
_a160 გვ. : _bილ. ; _c26 სმ. |
||
| 546 | _aტექსტი ქართულ და ინგლისურ ენებზე. | ||
| 653 | _aსაქართველოს ეროვნული მუზეუმი | ||
| 700 |
_aსხირტლაძე, ზაზა _eრედაქტორი _917845 |
||
| 700 |
_aჯაყელი, ნინო _eქართული ტექსტი _917846 |
||
| 700 |
_aმენთეშაშვილი, ივანე _eინგლისური თარგმანი _917847 |
||
| 942 |
_2udc _cBK |
||